1895 1947 1867 1580 1522 1105 1321 1929 1759 1164 1960 1323 1015 1900 1637 1636 1075 1576 1491 1057 1171 1577 1906 1876 1561 1585 1247 1733 1789 1249 1189 1958 1466 1207 1690 1972 1427 1355 1053 1998 1269 1134 1491 1779 1499 1706 1914 1953 1198 1338 1425 1750 1858 1185 1335 1525 1766 1121 1527 1538 1929 1714 1908 1222 1827 1995 1869 1104 1849 1637 1473 1789 1822 1496 1811 1374 1277 1582 1756 1291 1364 1834 1029 1960 1228 1063 1759 1940 1762 1930 1470 1311 1392 1934 1697 1730 1510 1294 1502 BCNSPRNW ULIB Ver.6.0+V

เปลี่ยนเป็นภาษาไทย

Change to English
 แสดงรายละเอียดบรรณานุกรม
  กลับหน้าหลัก

Brief Record : Get Marc (ISO 2709) : E-mail record : QR code < ปิดหน้าต่าง
LEADER : 00000nam 2200000uu 4500
001    13399114031
003     ULIB
008    110719s||||||||th 000 0 tha d
020    9789748418636
099    นว.^bอ886ส 2550
100 1  โยชิคาวะ, เอจิ
245 10 สามก๊ก 3 ศึกผาแดง/^cเอจิ โยชิคาวะ, เรื่อง ; จัน สัมฤทธิ์, แปล
250    พิมพ์ครั้งที่ 1
260    กรุงเทพฯ :^bอมรินทร์คอมมิกส์,^c2550
505 0  ล. 2. ขอพบสามหน -- ล. 3. ศึกผาแดง
650  4 สามก๊ก^xการ์ตูน
650  4 วรรณกรรมสำหรับเด็ก
650  4 วรรณกรรมจีน^xการ์ตูน
651  4 จีน^xประวัติศาสตร์^xการ์ตูน
700 0  จัน สัมฤทธิ์
945    ^p149^l0^i022051
995    ทศพร
999 ^a ใช้งานได้ทุกระบบ
รายการนี้ยังไม่มีแท็ก
คุณยังไม่ได้ล็อกอิน คุณสามารถมีกิจกรรมร่วมกับเว็บไซต์ได้ แต่ต้องล็อกอินก่อน ::
  ล็อกอิน

รายการสื่อสารสนเทศ

ลำดับที่ ประเภท เลขเรียก/บาร์โค้ด สถานที่ สถานะ
1. นวนิยาย
นวนิยาย
นว. อ886ส 2550 ฉ.1 
  Barcode: 022051
ห้องสมุดวิทยาเขตสวรรค์ประชารักษ์
►นวนิยาย
บนชั้น
  ขอยืม

รายการใกล้เคียง
    ผู้แต่ง [โยชิคาวะ, เอจิ]

    หัวเรื่อง [วรรณกรรมสำหรับเด็ก]

BibComment


ยังไม่เคยถูกคอมเมนท์

คอมเมนท์ทรัพยากรรายการนี้
  คอมเมนท์: สามก๊ก 3 ศึกผาแดง..


 Copyright 2026. Bcnsprnw @Library